000 00840aab a2200205 i 4500
001 768714001
003 CO-MdFUSB
005 20240422092626.0
008 240417t1986 ag ||||| |||| 00| 0 spa d
040 _bspa
_cCO-MdFUSB
041 _aspa
245 3 _aLa naturaleza de la misión
300 _aVolumen 5, número 2, (junio, 1986), páginas: 75 - 78
_c; 27 cm
520 _aLo siguiente es parte de un informe sobre tres reuniones celebradas por un grupo de grupos evangélicos y católicos durante un período de ocho años (1977-1984) para discutir la misión cristiana.
650 7 _aTeología pastoral y unidad cristiana
_97183
650 7 _aTeología doctrinal
_9179
700 1 _aStott, John
773 0 _tIglesia y Misión
_049402
_959679
_gVolumen 5, número 2, (junio, 1986), páginas: 75 - 78
_qpágina: 75
942 _cANA
999 _c51659
_d51659